000 00172nam a22000977a 4500
003 SGT
245 _aDental Traumatology
260 _c2006
300 _a575
942 _2ddc
_cBV
999 _c31264
_d31264